| 000 | 00832nam a2200241 a 4500 | ||
|---|---|---|---|
| 001 | BRCA_5250 | ||
| 005 | 20190320205013.0 | ||
| 008 | 301110s1968----enka######---#000-0#eng-# | ||
| 041 | _aeng | ||
| 044 | _aenk | ||
| 050 | 4 |
_aNK7162 _b.O43 1968 |
|
| 100 | 1 |
_aOman, Charles _913452 |
|
| 245 | 1 | 0 |
_aThe Golden age of Hispanic silver 1400-1665 _cCharles Oman. |
| 260 |
_aLondres _bHer Majesty´s Stationery Office _c1968 |
||
| 300 |
_axlvii, 70 p. _bil., 179 láminas _c29 cm. |
||
| 500 | _aIncluye índice de las marcas de la ciudad, índice de orfebres y ensambladores e índice numérico | ||
| 500 | _aDonación Dr. Héctor Rivero Borrell Vázquez | ||
| 504 | _aBibliografía: p. 59-62. | ||
| 650 | 1 | 4 |
_aPlatería _vCatálogos _zInglaterra _913453 |
| 710 | 2 |
_aVictoria and Albert Museum _913348 |
|
| 902 | _aDHR | ||
| 942 |
_2lcc _cB |
||
| 999 |
_c4944 _d4944 |
||